00975nam a2200205Ia 4500008004100000040003800041041000800079084000900087100004800096245018600144260002900330300002700359336002900386337003300415338002800448502010300476942005400579999001500633952012100648250910t1985||||xx |||||||||||||| ||spa|| agtgcuscobspacgtgcuscodgtgcusco aspa aT908 aGudiel Valdivieso, Eugenia Elizabeth915660 0aMúltiples crecimientos benignos e idiopáticos de la mucosa bucal en una población escolar de Guatemala, ocurrencia familiar e histomorfología, según ubicación clínica. aGuatemala :bUSAC,c1985 a48 p. :bil. :c27 cm. atextobtxt2rdacontenido aSin mediaciónbn2rdamedio avolumenbnc2rdasoporte aTesis (Cirujano Dentista) -- Universidad de San Carlos de Guatemala, Facultad de Odontología. -- aBiblioteca Facultad de OdontologíacTESISkT908 c6936d6936 00104070aODONTObODONTOcTesisd2025-09-10i10-H-s.n.l0oT908pT00001114r2025-09-10 07:35:18w2025-09-10yTESIS